| 000 | 01061 a2200277 4500 | ||
|---|---|---|---|
| 005 | 20180312141944.0 | ||
| 008 | 131003b sp a br|||| 00| 0 spa d | ||
| 020 | _a8480554215 | ||
| 040 |
_aCO-BoUCM _bspa _cJose A. Gerena _dJose A. Gerena |
||
| 041 | 0 | 0 | _aspa |
| 100 |
_aBarros, Virginia _947265 |
||
| 245 | 0 | 0 |
_aZulema, la ciudad sucia _ctextos de Virginia Barros, Esther de la Paz ; ilustraciones de Luis M. Bilbao, Alfonso Cerdán |
| 260 |
_bCultural _aMadrid (España) _c[sin fecha] |
||
| 300 |
_a[16] páginas _bilustraciones a color |
||
| 490 | _aDivertiletras | ||
| 650 | 7 |
_918524 _aLibros y lectura para niños |
|
| 650 | 7 |
_918684 _aLiteratura infantil española |
|
| 650 | 7 |
_937305 _aCuentos ilustrados para niños |
|
| 650 | 7 |
_99115 _aAnimales en la literatura |
|
| 690 |
_942863 _aLiteratura europea |
||
| 700 | 1 |
_aBilbao, Luis M. _eilustrador _947267 |
|
| 700 | 1 |
_aCerdán, Alfonso _eilustrador _947422 |
|
| 700 | 1 |
_aPaz, Esther de la _947266 |
|
| 942 |
_a18 _cLIBRO _e1 _mB277z _2DEWEY _h868.64 _n0 |
||
| 999 |
_c181871 _d181871 |
||